Indici & media -Volume II-Storia dei programmi televisivi di maggior audience in Italia (1961-1995) (Record n. 94029)

Dettagli MARC
000 -LEADER
fixed length control field 02225nam a2200289Ia 4500
001 - CONTROL NUMBER
control field H2675
003 - CONTROL NUMBER IDENTIFIER
control field IT-RoPAU
008 - FIXED-LENGTH DATA ELEMENTS--GENERAL INFORMATION
fixed length control field 130308s9999 xx 000 0 und d
040 ## - CATALOGING SOURCE
Original cataloging agency IT-RoPAU
040 ## - CATALOGING SOURCE
Transcribing agency IT-RoPAU
041 ## - LANGUAGE CODE
Language code of text/sound track or separate title ITALIANO
100 ## - MAIN ENTRY--PERSONAL NAME
Personal name Benedetti Amedeo
100 ## - MAIN ENTRY--PERSONAL NAME
Miscellaneous information Codice Aut. SPICS: 57085
245 ## - TITLE STATEMENT
Title Indici & media -Volume II-Storia dei programmi televisivi di maggior audience in Italia (1961-1995)
245 ## - TITLE STATEMENT
Remainder of title Indici & Media-Volume Ii-Storia dei programmi Televisivi di Maggior Audience in Italia (1961-1995)
250 ## - EDITION STATEMENT
Edition statement 1a ed.
260 ## - PUBLICATION, DISTRIBUTION, ETC. (IMPRINT)
Place of publication, distribution, etc. GENOVA
260 ## - PUBLICATION, DISTRIBUTION, ETC. (IMPRINT)
Name of publisher, distributor, etc. Erga Edizioni
260 ## - PUBLICATION, DISTRIBUTION, ETC. (IMPRINT)
Date of publication, distribution, etc. 1999 [1° Ed.:1999 - Ed.Ling.Originale:1999]
300 ## - PHYSICAL DESCRIPTION
Extent "328 p. (prefazione: no ; testo: 328 [pagine: 0-0])"
500 ## - GENERAL NOTE
General note "Analisi dei programmi che Hanno Avuto Negli Ultimi 40 Anni Il Maggior Seguito di Pubblico. Anno per Anno dal 1961, Vengono Riportate le 10 Trasmissioni Piu' Seguite, Descrivendole in Dettaglio, Alla Ricerca di Possibili Costanti, Variazioni, Sviluppi, e Indicando Tutte le volte che è Stato Possibile I Dati di Ascolto, di Gradimento o di Share. Una Storia del gusto Televisivo Italiano. Note Anche Sui Personaggi Piu' Famosi, che Hanno Fatto la Storia della nostra Televisione. titoli dei programmi Classificatisi al Primoposto Ogni Anno: 1961: Studio Uno; 1962: l'amico del Giaguaro; 1963: festival di Sanremo; 1964: festival di Sanremo; 1965: festival di Sanremo; 1966:Festival di Sanremo; 1967: festival di Sanremo; 1968: Canzonissima; 1969: festival di Sanremo; 1970: Calcio, Italia Brasile; 1971: Canzonissima; 1972: festival di Sanremo; 1973: formula Due; 1974: Calcio, Italia Argentina; 1975: (Di Nuovo) tante Scuse; 1976: Sandokan; 1977: Gesu' di Nazareth di Zeffirelli; 1978: Calcio, Italia Olanda; 1979: Portobello; 1980: Fantastico; 1981: festival di Sanremo; 1982: Calcio, Italia Germania; 1983: Fantastico 3; 1984 1985 1986: Non ci Sono I Dati; 1987: festival di Sanremo; 1988: Calcio, Italia Urss; 1989: Calcio, Milan Steaua; 1990: Calcio, Italia Argentina; 1991: Messaggio del presidente della Repubblica..."
650 ## - SUBJECT ADDED ENTRY--TOPICAL TERM
Topical term or geographic name as entry element STORIA NAZIONALE DELLA TELEVISIONE
650 ## - SUBJECT ADDED ENTRY--TOPICAL TERM
Relator term Codice materia Spics: 6959
942 ## - ADDED ENTRY ELEMENTS (KOHA)
Koha item type LIBRO
957 ## -
-- 1
999 ## - SYSTEM CONTROL NUMBERS (KOHA)
-- 1
Dati di copia
Withdrawn status Lost status Damaged status Not for loan Home library Current library Date acquired Total Checkouts Full call number Date last seen Price effective from Koha item type Public note
    Buone Condizioni Not For Loan SPICS-MEDIATECA SPICS-MEDIATECA 08/03/2013   H2675 08/03/2013 08/03/2013 LIBRO Progressivo inserimento: 44696 / N. Volumi: 1 Copie: 1 / data import: 1 marzo 2013 - By Epidotti, Trombetti, Vaglietti.
CREDITS: SOCIETA' SAN PAOLO Via A.Severo, 58 - ROMA (RM) & PERIODICI SAN PAOLO SRL Via Giotto, 36 MILANO & CISF Via Giotto, 36 MILANO & EDIZIONI SAN PAOLO SRL,  Piazza Soncino, 5 CINISELLO BALSAMO (MI) -- ITALY